000 005290000a22001810004500
001 17832
090 _a17832
100 _a20041013d1987 k y0pory5003 ba
101 0 _apor
102 _aPT
200 1 _aAlcança quem não cansa
_fHenrique Nicolau
210 _aLisboa
_cCaminho
_d1987
215 _a190, [2] p
225 2 _aCaminho de bolso
_iPolicial
_v60
675 _a821.134.3-312.4
_vBN
_zpor
700 1 _aNicolau
_bHenrique
942 _cMON
_n0
999 _a17832
_bBibliobase - BMTAV
_c2019-01-21